Caricamento...

Immunoassays for food poisoning bacteria and bacterial toxins

Dettagli Bibliografici
Autore principale: Wyatt, G. M.
Natura: Printed Book
Lingua:English
Pubblicazione: London Chapman & Hall 1992
Serie:Food safety series 1
Soggetti:
LEADER 00622nam a2200169 a 4500
005 20151028162139.0
008 960221s1955 dcuabcdjdbkoqu001 0deng d
003 ViArRB
082 |a 576.163  |b N2 
100 |a Wyatt, G. M.  |9 21610 
245 |a Immunoassays for food poisoning bacteria and bacterial toxins 
490 |a Food safety series  |v 1 
653 |a Food poisoning bacteria-immunology  |a Bacteria-food poisoning 
942 |c BK  |6 _ 
260 |a London  |b Chapman & Hall  |c 1992 
999 |c 76053  |d 76053 
952 |0 0  |1 0  |2 ddc  |4 0  |6 576163_N2  |7 0  |9 88782  |a SOS  |b SOS  |c CART  |d 2010-03-20  |l 2  |o 576.163 N2  |p MS009046  |r 2014-10-31  |s 2014-10-31  |w 2009-07-13  |y BK